|
|
|
|
| LEADER |
01748nam a2200277 u 4500 |
| 001 |
10113498 |
| 003 |
upatras |
| 005 |
20210117205108.0 |
| 008 |
140808s2012 gr gre |
| 040 |
|
|
|a GR-PaULI
|c GR-PaULI
|
| 041 |
0 |
|
|a gre
|
| 082 |
1 |
4 |
|a 571.944
|2 23
|
| 100 |
1 |
|
|a Καραβία, Ελένη Α.
|9 139719
|
| 245 |
1 |
0 |
|a Τα συστατικά στοιχεία του συστήματος λιπιδίων και λιποπρωτεϊνών ως κεντρικοί ρυθμιστές στην εμφάνιση της παχυσαρκίας και της μη αλκοολικής λιπώδους νόσου του ήπατος σε πειραματικά μοντέλα ποντικών
|c Ελένη Α. Καραβία; Πανεπιστήμιο Πατρών, Σχολή Επιστημών Υγείας, Τμήμα Ιατρικής
|
| 300 |
|
|
|a 219 σ.
|b έγχ. εικ.
|c 30 εκ.
|
| 504 |
|
|
|a Περιλαμβάνει βιβλιογραφία
|
| 650 |
|
4 |
|a Παχυσαρκία
|9 31829
|
| 650 |
|
4 |
|a Μεταβολικές διαταραχές
|9 139720
|
| 700 |
1 |
|
|a Κυπραίος, Κυριάκος Η.
|4 oth
|9 139721
|
| 710 |
2 |
|
|9 2771
|a Πανεπιστήμιο Πατρών
|b Σχολή Επιστημών Υγείας
|b Τμήμα Ιατρικής
|e Σχολή Επιστημών Υγείας
|e Τμήμα Ιατρικής
|
| 852 |
|
|
|a GR-PaULI
|b ΠΑΤΡΑ
|b ΒΚΠ
|b ΑΝΕ
|k ΔΙΑΤΡΙΒΗ
|h 571.944 ΚΑΡ
|m 117436
|p 025000234197
|t 1
|
| 856 |
|
|
|u http://hdl.handle.net/10889/6232
|
| 942 |
|
|
|2 ddc
|c BKTD
|
| 952 |
|
|
|0 0
|1 0
|4 0
|6 571_944000000000000_ΚΑΡ
|7 0
|9 168654
|a LISP
|b LISP
|c RES
|d 2016-04-24
|i 117436
|l 0
|o 571.944 ΚΑΡ
|p 025000234197
|r 2016-04-24 00:00:00
|t 1
|w 2016-04-24
|y BKTD
|
| 998 |
|
|
|c ΓΚΟΓΚΟΥ
|d 2014-08
|
| 999 |
|
|
|c 105469
|d 105469
|